000
00211nam a22000977a 4500
999
_c
15932
_d
15932
003
OSt
008
191023b ||||| |||| 00| 0 eng d
100
_a
Joseph,
_9
4413
245
_a
Pavikalude parudeesa
942
_c
BK